| 000 | 01044nam a22002537a 4500 | ||
|---|---|---|---|
| 005 | 20170825100127.0 | ||
| 010 | _a1516ENO7 ENG-114662 | ||
| 020 |
_a9789351246206 _c450.00 |
||
| 035 | _aEN-98194 | ||
| 035 | _aB-602010-041 | ||
| 035 | _aB-667735 | ||
| 037 |
_adpl _bKKP/Ven |
||
| 037 | _bDBAD/PUB | ||
| 082 | _a630 | ||
| 100 | _aSharma, R.K. | ||
| 245 |
_aAgriculture at a glance : _cby R.K.Sharma _ban enhanced competition explorer / |
||
| 260 |
_aNew Delhi _bDaya Publishing House _c2015 |
||
| 270 |
_a4760-61/23,Ansari Road Daryaganj _bNew Delhi _e110002 _l- _m- _k011-43549197 |
||
| 300 |
_aviii,591p. _c24cm(pbk) |
||
| 500 | _aIncludes bibliographical references | ||
| 942 |
_2ddc _cEN _mSHA _h630 |
||
| 999 |
_c96385 _d96385 |
||